| Tag |
First Indicator |
Second Indicator |
Subfields |
| LEADER |
00000cam a22000001 4500 |
| 001 |
in00000056326 |
| 005 |
20151007081856.0 |
| 008 |
740506s1967 bcca b 00010 eng |
| 010 |
|
|
|a 67004424
|
| 035 |
|
|
|a (OCoLC)00969202
|
| 035 |
|
|
|9 AAF7041AM
|
| 040 |
|
|
|a DLC
|c DLC
|d TXA
|d UtOrBLW
|
| 049 |
|
|
|a TXAM
|c [476938]
|
| 050 |
0 |
0 |
|a DS557.C242
|b W5
|
| 082 |
0 |
|
|a 301.453/51/0596
|
| 092 |
|
|
|a 301.45351
|b W744c
|
| 100 |
1 |
|
|a Willmott, W. E.
|q (William E.)
|
| 245 |
1 |
4 |
|a The Chinese in Cambodia /
|c by William E. Willmott.
|
| 264 |
|
1 |
|a Vancouver :
|b Publications Centre, University of British Columbia,
|c 1967.
|
| 300 |
|
|
|a xiv, 132 pages :
|b illustrations ;
|c 24 cm.
|
| 336 |
|
|
|a text
|b txt
|2 rdacontent
|
| 337 |
|
|
|a unmediated
|b n
|2 rdamedia
|
| 338 |
|
|
|a volume
|b nc
|2 rdacarrier
|
| 500 |
|
|
|a "Based on the introductory sections of my doctoral dissertation ... London School of Economics."
|
| 504 |
|
|
|a Bibliography: pages [115]-126.
|
| 650 |
|
0 |
|a Chinese
|z Cambodia.
|
| 999 |
|
|
|a MARS
|
| 999 |
f |
f |
|s ed147336-251b-3caf-a38b-1712772c9a9e
|i 8703c7f8-0534-379e-8450-6e3fad74ed74
|t 0
|
| 952 |
f |
f |
|p ric
|a Texas A&M University
|b Rellis Campus
|c Joint Library Facility
|d Remote Storage
|t 0
|e DS557.C242 W5
|h Library of Congress classification
|i unmediated -- volume
|m A14800644128
|
| 998 |
f |
f |
|a DS557.C242 W5
|t 0
|l Remote Storage
|